| 000 | 00394nam a22001577a 4500 | ||
|---|---|---|---|
| 003 | MPLRDC | ||
| 005 | 20220104142941.0 | ||
| 008 | 210129b ||||| |||| 00| 0 eng d | ||
| 082 | _a857.63 CKL v.18 c.6 | ||
| 100 | _a岑凯伦 | ||
| 245 |
_a淘气红娘 _c |
||
| 260 |
_a _b环球图书杂志出版社 _c |
||
| 300 | _b平 | ||
| 650 | _a短篇小说--别集 | ||
| 942 |
_cBK _o857.63 CKL v.18 c.6 |
||
| 999 |
_c35203 _d35193 |
||